| 000 | 00726 a2200217 4500 | ||
|---|---|---|---|
| 001 | 54706 | ||
| 005 | 20260407155822.0 | ||
| 008 | 260407a1985 arg spa d | ||
| 003 | AR-UNSa-BCEJYS | ||
| 040 |
_aAR-UNSa-BCEJYS _bspa _cAR-UNSa-BCEJYS |
||
| 080 |
_a321.7 _xDemocracia |
||
| 245 | 1 | 0 | _aDemocracia y república |
| 020 | _a950-14-0285-1 | ||
| 264 | 1 |
_aBuenos Aires : _bEdiciones Depalma _c1985 |
|
| 300 |
_a210 p. _c23 cm. |
||
| 505 | _aI. Nociones preliminares - II. La dinámica democrática - III. El sistema republicano - IV. Orden jurídico y social democrático - V. República y gobierno "de facto" | ||
| 041 | _aspa | ||
| 942 | _cBK | ||
| 590 | _aniveau_biblio:m niveau_hierar:0 | ||
| 100 | 1 | _aBielsa, Rafael | |
| 999 |
_c5731 _d5731 |
||